000 00539nam a2200169Ia 4500
008 110201s9999 xx 000 0 und d
082 _bB2581
_aS 280
100 _aजागीरदार गजानन
245 _aपाऊलखूणा
260 _bमॅजेस्टिक प्रकाशन
365 _b60
600 _aजागीरदार गजानन
630 _aपाऊलखूणा
700 _aजागीरदार गजानन
730 _aपाऊलखूणा
942 _cBOOK
999 _c829465
_d829462